| 000 | 01160nam a2200253Ia 4500 | ||
|---|---|---|---|
| 003 | Ost | ||
| 005 | 20260507075803.0 | ||
| 008 | 260507s9999||||xx |||||||||||||| ||und|| | ||
| 020 | _a9960627985 | ||
| 040 | _cfsecg | ||
| 041 | _aara | ||
| 082 | _a658.1 | ||
| 100 |
_aحمود، سامي حسن _eمؤلف |
||
| 245 | 0 |
_aالأدوات التمويلية الإسلامية للشركات المساهمة / _c سامي حسن حمود |
|
| 250 | _aطبعة 2 | ||
| 260 |
_aالمملكة العربية السعودية: _bالبنك الاسلامي للتنمية , _c1998 |
||
| 300 |
_a147 صفحة؛ _bإيضاحات ؛ _c23 سم |
||
| 504 | _aبيبليوغرافيا: ص ص.133-137 | ||
| 520 | _aيضم الأدوات التمويلية واقعيا وشرعا، الاحتياجات التمويلية للشركات المساهمة ووفاؤها شرعيا، الأدوات التمويلية الاسلامية تأصيل وتفصيل، ضوابط التعامل والتسويق المتكامل. | ||
| 653 | _aالبنوك الإسلامية | ||
| 653 | _aالتمويل | ||
| 653 | _aالشركات- تمويل | ||
| 942 | _cكتاب | ||
| 999 |
_c46342 _d46342 |
||